000
00309 a2200157 4500
001
62438
020
_a
9788526015029
040
_c
Anchieta - Pituba
100
_a
Brandão, Toni
240
1
0
_a
Tutu
_l
por
245
1
0
_a
Tutu
300
_a
83
362
0
_a
2010
650
4
_a
Literatura juvenil
942
_c
BK
999
_c
62438
_d
62438